00000000nam##2200000za#4500
0019.616436
003CaOODSP
00520211126112847
007ta
008150406|2003||||xxc|||||     f|0| 0 eng|d
022 |a1192-5434
040 |aCaOODSP|beng
043 |an-cn---
0861 |aFB3-2/103-14E
1102 |aBank of Canada.
24513|aAn index of financial stress for Canada / |cby Mark Illing and Ying Liu.
260 |bBank of Canada |c2003.
300 |avii, 52p. : |bgraphs, references, tables ; |c28 cm.
4901 |aWorking paper|x1192-5434|v2003-14
5203 |aThis working paper is part of a series that examines a range of economic and financial issues of interest to bankers, economists and policymakers.
546 |a(Résumés en français.)
563 |aSoftcover
590 |a03-26|b2003-06-27
69007|aFinancial institutions|2gcpds
69007|aStock markets|2gcpds
7201 |aLiu, Ying
7201 |aIlling, Mark
7760#|tAn index of financial stress for Canada / |w(CaOODSP)9.580564
830#0|aWorking paper,|x1192-5434|v2003-14|w(CaOODSP)9.514622